Inventive genius
| Format: | Book |
|---|---|
| Published: |
Virginia :
Time-Life Books ,
1991
|
| Subjects: |
MARC
| LEADER | 00000cam a2200000 7i4500 | ||
|---|---|---|---|
| 001 | 0000075482 | ||
| 005 | 20170920.0 | ||
| 008 | 170920 | ||
| 020 | |a 0809476991 | ||
| 090 | 0 | 0 | |a 609.22 |b INV |
| 245 | 1 | 0 | |a Inventive genius |
| 260 | |a Virginia : |b Time-Life Books , |c 1991 | ||
| 300 | |a 143p. | ||
| 650 | 0 | |a Inventors-biography | |
| 999 | |a 0000507624 |b Book |c Adult Collection |e Cawangan Muar | ||
| 999 | |a 0000507628 |b Book |c Adult Collection |e Cawangan Muar | ||